Business ethics and corporate governance / (Record no. 21363)
[ view plain ]
| 000 -LEADER | |
|---|---|
| fixed length control field | 00589nam a22001937a 4500 |
| 003 - CONTROL NUMBER IDENTIFIER | |
| control field | OSt |
| 008 - FIXED-LENGTH DATA ELEMENTS--GENERAL INFORMATION | |
| fixed length control field | 260221b2020 |||||||| |||| 00| 0 eng d |
| 020 ## - INTERNATIONAL STANDARD BOOK NUMBER | |
| International Standard Book Number | 9789353168414 |
| 082 ## - DEWEY DECIMAL CLASSIFICATION NUMBER | |
| Classification number | 174.4 |
| Item number | BIJ-B |
| 100 ## - MAIN ENTRY--PERSONAL NAME | |
| Personal name | Bijalwan, Jyotsna Ghildiyal |
| 245 ## - TITLE STATEMENT | |
| Title | Business ethics and corporate governance / |
| Statement of responsibility, etc | Jyotsna Ghildiyal bijalwan and Ramesh Chandra Joshi |
| 260 ## - PUBLICATION, DISTRIBUTION, ETC. (IMPRINT) | |
| Place of publication, distribution, etc | Chennai : |
| Name of publisher, distributor, etc | McGraw Hill Education, |
| Date of publication, distribution, etc | 2020. |
| 300 ## - PHYSICAL DESCRIPTION | |
| Extent / Pages | xix, 356 p. ; |
| 650 ## - SUBJECT ADDED ENTRY--TOPICAL TERM | |
| Topical term or geographic name as entry element | Ethics - Business |
| 650 ## - SUBJECT ADDED ENTRY--TOPICAL TERM | |
| Topical term or geographic name as entry element | Corporate - Ethics |
| 650 ## - SUBJECT ADDED ENTRY--TOPICAL TERM | |
| Topical term or geographic name as entry element | Business ethics |
| 700 ## - ADDED ENTRY--PERSONAL NAME | |
| Personal name | Joshi, Ramesh Chandra |
| 942 ## - ADDED ENTRY ELEMENTS (KOHA) | |
| Source of classification or shelving scheme | |
| Koha item type | Books |
| Withdrawn status | Lost status | Source of classification or shelving scheme | Damaged status | Not for loan | Home library | Current library | Date acquired | Source of acquisition | Currency | Cost, normal purchase price | Full call number | Barcode | Date last seen | Copy number | Bill Date | Koha item type | Bill Number |
|---|---|---|---|---|---|---|---|---|---|---|---|---|---|---|---|---|---|
| SOBD Library | SOBD Library | 17/02/2026 | All Inida Book House | INR | 840.00 | 174.4 BIJ-B1 | 007111 | 21/02/2026 | 1 | 17/02/2026 | Reference Books | NA/IN/1928 | |||||
| SOBD Library | SOBD Library | 17/02/2026 | All Inida Book House | INR | 840.00 | 174.4 BIJ-B2 | 007112 | 21/02/2026 | 2 | 17/02/2026 | Books | NA/IN/1928 | |||||
| SOBD Library | SOBD Library | 17/02/2026 | All Inida Book House | INR | 840.00 | 174.4 BIJ-B3 | 007113 | 21/02/2026 | 3 | 17/02/2026 | Books | NA/IN/1928 | |||||
| SOBD Library | SOBD Library | 17/02/2026 | All Inida Book House | INR | 840.00 | 174.4 BIJ-B4 | 007114 | 21/02/2026 | 4 | 17/02/2026 | Books | NA/IN/1928 | |||||
| SOBD Library | SOBD Library | 17/02/2026 | All Inida Book House | INR | 840.00 | 174.4 BIJ-B5 | 007115 | 21/02/2026 | 5 | 17/02/2026 | Books | NA/IN/1928 | |||||
| SOBD Library | SOBD Library | 17/02/2026 | All Inida Book House | INR | 840.00 | 174.4 BIJ-B6 | 007116 | 21/02/2026 | 6 | 17/02/2026 | Books | NA/IN/1928 | |||||
| SOBD Library | SOBD Library | 17/02/2026 | All Inida Book House | INR | 840.00 | 174.4 BIJ-B7 | 007117 | 21/02/2026 | 7 | 17/02/2026 | Books | NA/IN/1928 | |||||
| SOBD Library | SOBD Library | 17/02/2026 | All Inida Book House | INR | 840.00 | 174.4 BIJ-B8 | 007118 | 21/02/2026 | 8 | 17/02/2026 | Books | NA/IN/1928 | |||||
| SOBD Library | SOBD Library | 17/02/2026 | All Inida Book House | INR | 840.00 | 174.4 BIJ-B9 | 007119 | 21/02/2026 | 9 | 17/02/2026 | Books | NA/IN/1928 | |||||
| SOBD Library | SOBD Library | 17/02/2026 | All Inida Book House | INR | 840.00 | 174.4 BIJ-B10 | 007120 | 21/02/2026 | 10 | 17/02/2026 | Books | NA/IN/1928 |